000 01299nam a2200337 a 4500
001 000111836
003 CHAP
005 20220329144231.0
008 150922s2015 mx |sm |||||||spa d
010 _a108297
011 _a109269
040 _cCHAP
090 _aTesis
100 1 _aVásquez Bautista, Nehemías
_9120225
245 1 0 _aModelos biométricos forestales en Hidalgo, México:
_h[En línea]
_bestado del arte y una propuesta para validar modelos de volumen /
_cpor Nehemías Vásquez Bautista.
260 _aChapingo, Méx. :
_bEl autor,
_c2015.
500 _aPara ver el contenido del material haga clic en la liga
502 _aTesis (M.C. en Ciencias Forestales) -- UACH. División de Ciencias Forestales
590 _aBATCH-UPD
_b05
_c20150922
_lUCH01
_h1220
590 _aE11695DGD
_b10
_c20150924
_lUCH01
_h1143
590 _aE5652GLJ
_b05
_c20150922
_lUCH01
_h1220
590 _aE5652GLJ
_b05
_c20150922
_lUCH01
_h1220
650 1 4 _aArboles
_xCrecimiento
_xMétodos de simulación.
_9129819
650 1 4 _aBiomasa forestal.
_9124964
650 1 4 _aRecursos forestales
_xAprovechamiento.
_995030
650 1 4 _aRecursos forestales
_zHidalgo.
_9129818
856 _aFinding aid
_uhttp://10.13.5.2/tesis/sist111836.pdf
_zTeclea aquí
901 _aBK
942 _cTESIS
942 _n0
999 _c108297
_d108297